000 00598nam a2200181Ia 4500
008 100921s9999 xx 000 0 und d
082 _b28103
_a891.468 थ 96
100 _aपानवलकर श्री.दा.
245 _aसंजारी.
260 _bमौज प्रकाशन,मुंबई.
_c1996
300 _a92
_bरसिक साहित्य,पुणे
365 _b60
520 _aललित-संकीर्ण.
630 _aसंजारी.
650 _aललित-संकीर्ण.
730 _aसंजारी.
942 _cBOOK
999 _c777216
_d777213